| 000 | 00364nam a2200145 a 4500 | ||
|---|---|---|---|
| 005 | 20140414132140.0 | ||
| 008 | 140201s19uu xx 00 eng d | ||
| 020 | _a0843709197 | ||
| 050 |
_aREF 912 _bEx7 2006 |
||
| 245 | _aExplorer atlas (The). | ||
| 260 |
_aNew Jersey : _bHamond World Atlas Corp, _cc2006. |
||
| 300 | _a32 | ||
| 650 | _aAtlas | ||
| 999 |
_c115347 _d115347 |
||